Shiva, the Wild God of Power and Ecstasy (Record no. 13756)

MARC details
000 -LEADER
fixed length control field 00634nam a2200241 a 4500
020 ## - INTERNATIONAL STANDARD BOOK NUMBER
ISBN 159477X
082 00 - DEWEY DECIMAL CLASSIFICATION NUMBER
Classification number 294.54
Author Cutter STO
100 ## - MAIN ENTRY--AUTHOR NAME
Author name Storl, Wolf-Dieter
245 ## - TITLE STATEMENT
Title Shiva, the Wild God of Power and Ecstasy
260 ## - PUBLICATION, DISTRIBUTION, ETC. (IMPRINT)
Place of publication Vermont
Name of publisher Inner Tradition International
Year of publication 2004
300 ## - PHYSICAL DESCRIPTION
Number of Pages 296p
500 ## - GENERAL NOTE
General note includes index and biblioraphy
505 2# - FORMATTED CONTENTS NOTE
Formatted contents note Notes, Bibliography, Index
650 ## - SUBJECT ADDED ENTRY--TOPICAL TERM
Topical Term Shivaism
942 ## - ADDED ENTRY ELEMENTS (KOHA)
Koha item type Books
700 1# -
-- Storl, Wolf-Dieter
Holdings
Collection code Home library Current library Date acquired Cost, normal purchase price Full call number Accession Number Koha item type
  Henry Martyn Institute Library Henry Martyn Institute Library 07/24/2007 585.00 294.54 STO 021371 Books
                   Copyright © 2026 | Henry Martyn Institute | Hyderabad | TS-500052 | INDIA | Implemented by hmi.edu.in
Hit-Count:

Powered by Koha